| 000 | 01747cam a2200217 4500500 | ||
|---|---|---|---|
| 005 | 20250125011239.0 | ||
| 041 | _afre | ||
| 042 | _adc | ||
| 100 | 1 | 0 |
_aGaujoux, Vivien _eauthor |
| 700 | 1 | 0 |
_a Reynaud, Emanuelle _eauthor |
| 700 | 1 | 0 |
_a Palluel-Germain, Richard _eauthor |
| 700 | 1 | 0 |
_a T. Vallet, Guillaume _eauthor |
| 700 | 1 | 0 |
_a Navarro, Jordan _eauthor |
| 700 | 1 | 0 |
_a Osiurak, François _eauthor |
| 245 | 0 | 0 | _aMultitarea digital: Efectos sobre la organización y el rendimiento en tareas no digitales |
| 260 | _c2022. | ||
| 500 | _a70 | ||
| 520 | _aEste estudio aborda dos cuestiones: ¿refleja la tendencia a la multitarea digital un comportamiento general y repercute en las capacidades cognitivas? Si este es el caso, los usuarios de medios multitarea deberían adoptar una organización multitarea espontánea, incluida la capacidad de realizar cuatro tareas no digitales en veinte minutos, y, por tanto, deberían obtener un menor rendimiento. Nuestros resultados no soportan estas hipótesis, ya que la tendencia a la multitarea digital no se correlaciona con el rendimiento ni con el número de cambios de tarea, y apuntan a factores organizativos específicos de la naturaleza de las tareas por realizar más que a un comportamiento general. Curiosamente, independientemente de la multitarea, un mayor consumo de medios se asoció con un mejor rendimiento en nuestras tareas. Este resultado pone de manifiesto la necesidad de profundizar en el estudio de los factores determinantes de la organización ante tareas múltiples. | ||
| 786 | 0 | _nL’Année psychologique | 123 | 1 | 2022-12-13 | p. 63-89 | 0003-5033 | |
| 856 | 4 | 1 | _uhttps://shs.cairn.info/revista-l-annee-psychologique-2023-1-page-63?lang=es&redirect-ssocas=7080 |
| 999 |
_c911966 _d911966 |
||